Λόγος Περι Παγκοσμιοποίησης και Δημοκρατίας / Συνεντεύξεις με Σύγχρονους Στοχαστές (Record no. 406)
[ view plain ]
| 000 -LEADER | |
|---|---|
| fixed length control field | 02247cam a22002174a 4500 |
| 005 - ΗΜΕΡΟΜΗΝΙΑ ΚΑΙ ΩΡΑ ΤΕΛΕΥΤΑΙΑΣ ΕΝΗΜΕΡΩΣΗΣ | |
| Πεδίο ελέγχου | 20250605163934.0 |
| 008 - FIXED-LENGTH DATA ELEMENTS--GENERAL INFORMATION | |
| Πεδίο ελέγχου σταθερού μήκους | 250528s ||||||||||||||||||||||||d |
| 035 ## - SYSTEM CONTROL NUMBER | |
| System control number | 14788 |
| 020 ## - ISBN | |
| ISBN | 9607909429 |
| 040 ## - ΠΗΓΗ ΚΑΤΑΛΟΓΟΓΡΑΦΗΣΗΣ | |
| Φορέας πρωτότυπης καταλογογράφησης | MC Athens Campus Library |
| Γλώσσα καταλογογράφησης | Ελληνικά, Μοντέρνα (1453-) |
| Modifying agency | MC Athens Campus Library |
| Κανόνες περιγραφικής καταλογογράφησης | AACR2 |
| 245 1# - ΤΙΤΛΟΣ ΚΑΙ ΔΗΛΩΣΗ ΥΠΕΥΘΥΝΟΤΗΤΑΣ | |
| Τίτλος | Λόγος Περι Παγκοσμιοποίησης και Δημοκρατίας / Συνεντεύξεις με Σύγχρονους Στοχαστές |
| 260 ## - PUBLICATION, DISTRIBUTION, ETC. | |
| Date of publication, distribution, etc. | 2002 |
| 300 ## - PHYSICAL DESCRIPTION | |
| Extent | 584 |
| 520 ## - SUMMARY, ETC. | |
| Summary, etc. | Το παρόν βιβλίο πραγματεύεται τα σημαντικότερα κοινωνικά, πολιτικά, οικονομικά, και φιλοσοφικά θέματα της εποχής μας. Πρόλογος, Η Οδύσσειας Ενός Μαρξιστή Εθνογράφου, Ο Σύγχρονος Ελευθεριακός Σοσιαλισμός, Διεθνείς Σχέσεις και Αναζήτηση μιας Ανθρώπινης Παγκόσμιας Διακυβέρνησης, Ο Φιλελευθερισμός στο Μεταδιαφωτιστικό Κόσμο - Στοχασμοί Σχετικά με τον Διαταραγμένο Παγόσμιο Καπιταλισμό, Παγκοσμιοποίηση και Κοσμοπολιτισμός και Δημοκρατία, Αρχαία Ελληνική Φιλοσοφία και Δικαιοσύνη και Ανθρώπινα Δικαιώματα, Παγκόσμιες Αναζητήσεις, Για τη Φιλοσοφία και την Πολιτική και Τον Ψυχρό Πόλεμο και την Αριστερά, Από τον Πλάτωνα στον Μεταμοντερνισμό ή το Τέλος της Φιλοσοφίας και η Κοινωνική Ελπίδα, Ανάλυση των Παγκόσμιων Συστημάτων και η Κοινωνική Επιστήμη και η Τρέχουσα Διεθνής Κατάσταση, Περί Μαρξισμού και Κοινωνικών Ιδεών και Πολιτικής, Βιογραφικό Επίμετρο. |
| 700 1# - ΠΡΟΣΘΕΤΗ ΑΝΑΓΡΑΦΗ--ΦΥΣΙΚΟ ΠΡΟΣΩΠΟ | |
| Personal name | Scripta |
| 9 (RLIN) | 546 |
| 700 1# - ΠΡΟΣΘΕΤΗ ΑΝΑΓΡΑΦΗ--ΦΥΣΙΚΟ ΠΡΟΣΩΠΟ | |
| Personal name | Πολυχρονίου Χρόνη |
| 9 (RLIN) | 547 |
| 700 1# - ΠΡΟΣΘΕΤΗ ΑΝΑΓΡΑΦΗ--ΦΥΣΙΚΟ ΠΡΟΣΩΠΟ | |
| Personal name | Τσιαμούρας Παναγιώτης |
| 9 (RLIN) | 548 |
| 942 ## - ADDED ENTRY ELEMENTS (KOHA) | |
| Koha item type | Books |
| Τύπος τεκμηρίου | Βιβλιοθήκη | Τρέχουσα τοποθεσία | Barcode | Αριθμός εισαγωγής | Ημερομηνία απόκτησης | Ταξιθετικό σύμβολο | Αριθμός αντιτύπου | Κατάσταση απόσυρσης | Κατάσταση χαμένου | Κατάσταση κατεστραμμένου | Μη δανεισμός | Σύνολο δανεισμών | Ημερομηνία τελευταίας εμφάνισης | Η τιμή ισχύει από |
|---|---|---|---|---|---|---|---|---|---|---|---|---|---|---|
| Books | MC Athens Campus Library | MC Athens Campus Library | 9780000004055 | 4844 | 05/06/2025 | 301.01 POL | 1 | 05/06/2025 | 05/06/2025 |